Reports on the iron works, manufacturing establishments, and mineral property at Couvin, in the district of the Sambre and Meuse, in Belgium /

Saved in:
Bibliographic Details
Main Author: Sopwith, Thomas, 1803-1879.
Other Authors: Smith, T. Macdougall.
Format: Book
Language:English
Published: [London? : s.n.], 1846
Series:Goldsmiths'-Kress library of economic literature ; no. 34610.
Making of the Modern World.
Subjects:
Tags: Add Tag
No Tags, Be the first to tag this record!
LEADER 01050cam a2200265Ia 4500
001 007333473-1
005 20070428111631.0
008 881011s1846 enkabf s 000 0 eng d
035 0 |a ocm18591398 
040 |a DLM  |c GKR 
043 |a e-be--- 
090 |a HB161  |b .G64 no. 34610 
100 1 |a Sopwith, Thomas,  |d 1803-1879. 
245 1 0 |a Reports on the iron works, manufacturing establishments, and mineral property at Couvin, in the district of the Sambre and Meuse, in Belgium /  |c by T. Sopwith and T. Macdougall Smith. 
260 |a [London? :  |b s.n.],  |c 1846  |e (London : C. Roworth) 
300 |a 36 p., [2] folded leaves of plates :  |b ill., maps. 
500 |a Goldsmiths'-Kress no. 34610. 
650 0 |a Iron industry and trade  |z Belgium  |z Couvin. 
650 0 |a Mines and mineral resources  |z Belgium  |z Couvin. 
650 0 |a Manufactures  |z Belgium  |z Couvin. 
700 1 |a Smith, T. Macdougall. 
830 0 |a Goldsmiths'-Kress library of economic literature ;  |v no. 34610.  |5 bak 
830 0 |a Making of the Modern World.  |5 net 
988 |a 20020608 
906 |0 OCLC